000 00689nam a2200265Ia 4500
003 OSt
005 20220912150904.0
006 a|||||r|||| 00| 0
007 ta
008 220909b |||||||| |||| 00| 0 eng d
024 _a55644
037 _cTextual
040 _aCSL
_beng
_cCSL
041 _aeng
082 _aL:491:1, L6
100 _aJacoby Florence Greenhouse
245 0 _aNursing care of the patient with burns
250 _a2nd
260 _aSain Louis
_bC V Mosby
_c1976
300 _axi,185p.
_ccm. illus
650 _a Disease
650 _aMedicine
942 _hL:491:1, L6
_cTEXL
_2CC
999 _c56895
_d56895